LEADER 00930nam0-22003131i-450- 001 990000902710403321 005 20021219123508.0 010 $a88-203-2761-9 035 $a000090271 035 $aFED01000090271 035 $a(Aleph)000090271FED01 035 $a000090271 100 $a20021127d2000----km-y0itay50------ba 101 0 $aita 105 $ay-------001yy 200 1 $a<>relazione tecnica antincendio$eguida per la stesura del progetto di prevenzione incendi$fRoberto Camera 210 $aMilano$cU. Hoepli$d2000 215 $a402 p., [3] c.$c30 cm$e1 CD-ROM 225 1 $aBiblioteca tecnica Hoepli 610 0 $aIncendi$aPrevenzione 676 $a363.377 700 1$aCamera,$bRoberto$043904 801 0$aIT$bUNINA$gRICA$2UNIMARC 901 $aBK 912 $a990000902710403321 952 $a13 47 31$b12804$fFINBC 959 $aFINBC 996 $aRelazione tecnica antincendio$9357584 997 $aUNINA LEADER 02109nam 2200505z- 450 001 9910557385703321 005 20211118 035 $a(CKB)5400000000042042 035 $a(oapen)https://directory.doabooks.org/handle/20.500.12854/73333 035 $a(oapen)doab73333 035 $a(EXLCZ)995400000000042042 100 $a20202111d2019 |y 0 101 0 $aeng 135 $aurmn|---annan 181 $ctxt$2rdacontent 182 $cc$2rdamedia 183 $acr$2rdacarrier 200 00$aForest Genomics and Biotechnology 210 $cFrontiers Media SA$d2019 215 $a1 online resource (185 p.) 311 08$a2-88963-178-8 330 $aThis eBook is a collection of articles from a Frontiers Research Topic. Frontiers Research Topics are very popular trademarks of the Frontiers Journals Series: they are collections of at least ten articles, all centered on a particular subject. With their unique mix of varied contributions from Original Research to Review Articles, Frontiers Research Topics unify the most influential researchers, the latest key findings and historical advances in a hot research area! Find out more on how to host your own Frontiers Research Topic or contribute to one as an author by contacting the Frontiers Editorial Office: frontiersin.org/about/contact 606 $aBotany and plant sciences$2bicssc 606 $aScience: general issues$2bicssc 610 $aangiosperms 610 $aconifers 610 $aforest plantation 610 $atree 610 $awood 615 7$aBotany and plant sciences 615 7$aScience: general issues 700 $aAllona$b Isabel$4edt$01311914 702 $aKirst$b Matias$4edt 702 $aBoerjan$b Wout$4edt 702 $aStrauss$b Steven$4edt 702 $aSederoff$b Ronald$4edt 702 $aAllona$b Isabel$4oth 702 $aKirst$b Matias$4oth 702 $aBoerjan$b Wout$4oth 702 $aStrauss$b Steven$4oth 702 $aSederoff$b Ronald$4oth 906 $aBOOK 912 $a9910557385703321 996 $aForest Genomics and Biotechnology$93030554 997 $aUNINA